<?xml version="1.0" encoding="UTF-8"?>
<record
    xmlns:xsi="http://www.w3.org/2001/XMLSchema-instance"
    xsi:schemaLocation="http://www.loc.gov/MARC21/slim http://www.loc.gov/standards/marcxml/schema/MARC21slim.xsd"
    xmlns="http://www.loc.gov/MARC21/slim">

  <leader>01063nam a2200325Ia 4500</leader>
  <controlfield tag="003">OSt</controlfield>
  <controlfield tag="005">20240808145100.0</controlfield>
  <controlfield tag="008">210210b1985   xxu||||| |||| 00| 0 eng d</controlfield>
  <datafield tag="040" ind1=" " ind2=" ">
    <subfield code="c">AL</subfield>
  </datafield>
  <datafield tag="041" ind1=" " ind2=" ">
    <subfield code="a">Kannada</subfield>
  </datafield>
  <datafield tag="082" ind1=" " ind2=" ">
    <subfield code="a">954.029K FALB</subfield>
  </datafield>
  <datafield tag="100" ind1=" " ind2=" ">
    <subfield code="a">FALAKSHA</subfield>
    <subfield code="d"> &#xCAB;&#xCBE;&#xCB2;&#xCBE;&#xC95;&#xCCD;&#xCB7; </subfield>
    <subfield code="9">175946</subfield>
  </datafield>
  <datafield tag="245" ind1=" " ind2=" ">
    <subfield code="a">Bharatada itihasa.Part 2  (Europiyanara agamanadinda Nehru varege kri. sha 1707-1980) </subfield>
    <subfield code="b">&#xCAD;&#xCBE;&#xCB0;&#xCA4;&#xCA6; &#xC87;&#xCA4;&#xCBF;&#xCB9;&#xCBE;&#xCB8; &#xCAD;&#xCBE;&#xC97; 2 (&#xCAF;&#xCC1;&#xCB0;&#xCCB;&#xCAA;&#xCBF;&#xCAF;&#xCA8;&#xCCD;&#xCA8;&#xCB0; &#xC86;&#xC97;&#xCAE;&#xCA8;&#xCA6;&#xCBF;&#xC82;&#xCA6; &#xCA8;&#xCC6;&#xCB9;&#xCB0;&#xCC1;&#xCB5;&#xCB0;&#xCC6;&#xC97;&#xCC6; &#xC95;&#xCCD;&#xCB0;&#xCBF;. &#xCB6; 1707-1980) </subfield>
  </datafield>
  <datafield tag="260" ind1=" " ind2=" ">
    <subfield code="a">Tipatur.</subfield>
    <subfield code="b">Shashi Prakashana.,</subfield>
    <subfield code="c">1985</subfield>
  </datafield>
  <datafield tag="300" ind1=" " ind2=" ">
    <subfield code="a">340</subfield>
  </datafield>
  <datafield tag="650" ind1=" " ind2=" ">
    <subfield code="a">varege</subfield>
    <subfield code="9">175947</subfield>
  </datafield>
  <datafield tag="650" ind1=" " ind2=" ">
    <subfield code="a">sha</subfield>
    <subfield code="9">175948</subfield>
  </datafield>
  <datafield tag="650" ind1=" " ind2=" ">
    <subfield code="a">Part</subfield>
    <subfield code="9">175949</subfield>
  </datafield>
  <datafield tag="650" ind1=" " ind2=" ">
    <subfield code="a">Nehru</subfield>
    <subfield code="9">175950</subfield>
  </datafield>
  <datafield tag="650" ind1=" " ind2=" ">
    <subfield code="a">kri.</subfield>
    <subfield code="9">175951</subfield>
  </datafield>
  <datafield tag="650" ind1=" " ind2=" ">
    <subfield code="a">itihasa.</subfield>
    <subfield code="9">175952</subfield>
  </datafield>
  <datafield tag="650" ind1=" " ind2=" ">
    <subfield code="a">Bharatada</subfield>
    <subfield code="9">175953</subfield>
  </datafield>
  <datafield tag="650" ind1=" " ind2=" ">
    <subfield code="a">agamanadinda</subfield>
    <subfield code="9">175954</subfield>
  </datafield>
  <datafield tag="650" ind1=" " ind2=" ">
    <subfield code="a">2</subfield>
    <subfield code="9">175955</subfield>
  </datafield>
  <datafield tag="650" ind1=" " ind2=" ">
    <subfield code="a">1707-1980)</subfield>
    <subfield code="9">175956</subfield>
  </datafield>
  <datafield tag="650" ind1=" " ind2=" ">
    <subfield code="a">(Europiyanara</subfield>
    <subfield code="9">175957</subfield>
  </datafield>
  <datafield tag="690" ind1=" " ind2=" ">
    <subfield code="a">Indian History</subfield>
    <subfield code="9">175958</subfield>
  </datafield>
  <datafield tag="906" ind1=" " ind2=" ">
    <subfield code="a">038455</subfield>
  </datafield>
  <datafield tag="942" ind1=" " ind2=" ">
    <subfield code="2">ddc</subfield>
    <subfield code="c">BK</subfield>
  </datafield>
  <datafield tag="999" ind1=" " ind2=" ">
    <subfield code="c">88718</subfield>
    <subfield code="d">88718</subfield>
  </datafield>
  <datafield tag="952" ind1=" " ind2=" ">
    <subfield code="0">0</subfield>
    <subfield code="1">0</subfield>
    <subfield code="4">0</subfield>
    <subfield code="7">0</subfield>
    <subfield code="8">History</subfield>
    <subfield code="a">AL</subfield>
    <subfield code="b">AL</subfield>
    <subfield code="c">History</subfield>
    <subfield code="d">2021-02-17</subfield>
    <subfield code="g">27.00</subfield>
    <subfield code="l">0</subfield>
    <subfield code="o">954.029K FALB</subfield>
    <subfield code="p">038455</subfield>
    <subfield code="r">2021-02-17 00:00:00</subfield>
    <subfield code="w">2021-02-17</subfield>
    <subfield code="y">BK</subfield>
  </datafield>
</record>
